书目信息 |
| 题名: |
严复传
|
|
| 作者: | 冯保善 编著 | |
| 分册: | ||
| 出版信息: | 北京 团结出版社 1998.7 |
|
| 页数: | 261页 | |
| 开本: | 32开 | |
| 丛书名: | ||
| 单 册: | ||
| 中图分类: | B256 | |
| 科图分类: | ||
| 主题词: | 近代哲学--中国 , 个人-道德修养 | |
| 电子资源: | ||
| ISBN: | 7-80130-162-5 | |
| 000 | 00538nam0 2200205 45 | |
| 001 | 0011281047 | |
| 005 | 20031219104047.7 | |
| 010 | @a7-80130-162-5@dCNY12.80 | |
| 100 | @a20001128d1998 km y0chiy0120 ea | |
| 101 | 0 | @achi |
| 105 | @a z 000yy | |
| 200 | 1 | @a严复传@f冯保善编著@FFeng Bao Shan Bian Zhu |
| 210 | @a北京@c团结出版社@d1998.7 | |
| 215 | @a261页@d32开 | |
| 606 | 0 | @a近代哲学@y中国 |
| 606 | 0 | @a个人-道德修养 |
| 690 | @aB256@v1 | |
| 701 | 0 | @a冯保善@4编著 |
| 801 | @aCN@bTSTC@c20001128 | |
| 905 | @b293468-472@dB256@e28@f5 | |
| 严复传/冯保善编著.-北京:团结出版社,1998.7 |
| 261页;32开 |
| ISBN 7-80130-162-5:CNY12.80 |
| ● |
| 相关链接 |
|
|
|
|
正题名:严复传
索取号:B256/28
 
预约/预借
| 序号 | 登录号 | 条形码 | 馆藏地/架位号 | 状态 | 备注 |
| 1 | 0293468 | 002934686 | 第一借阅区/ [索取号:B256/28] | 在馆 | |
| 2 | 0293469 | 002934695 | 第一借阅区/ [索取号:B256/28] | 在馆 | |
| 3 | 0293470 | 002934702 | 密集书库/ [索取号:B256/28] | 在馆 | |
| 4 | 0293471 | 002934711 | 第一借阅区/ [索取号:B256/28] | 在馆 | |
| 5 | 0293472 | 002934720 | 第一样本阅览室/ [索取号:B256/28] | 在馆 |